[Event "Berlin Spandau op 2nd"]
[Site "Berlin"]
[Date "2016.12.27"]
[Round "2"]
[White "Hansch, Stephan"]
[Black "Moehring, Peter"]
[Result "1-0"]
[WhiteElo "2120"]
[BlackElo "1865"]
[PlyCount "61"]
[EventDate "2016.12.27"]
[EventType "swiss"]
[EventRounds "7"]
[EventCountry "GER"]
[SourceTitle "CBM 176 Extra"]
[Source "ChessBase"]
[SourceDate "2017.03.02"]
[SourceVersion "1"]
[SourceVersionDate "2017.03.02"]
[SourceQuality "1"]

1. d4 g6 2. Nf3 Bg7 3. c4 d6 4. g3 c5 5. Bg2 Nc6 6. d5 Nb8 7. 0-0 Nf6 8. Nc3 0-0 9. Qc2 Na6 10. e4 h6 11. h3 Nc7 12. Be3 Rb8 13. Rae1 b5 14. e5 Nfe8 15. e6 fxe6 16. Qxg6 bxc4 17. Nh4 Rf6 18. Qc2 exd5 19. Nxd5 Nxd5 20. Bxd5+ e6 21. Bxc4 d5 22. Be2 d4 23. Bc1 Qc7 24. Bf4 Rxf4 25. gxf4 Qxf4 26. Qg6 Nf6 27. Ng2 Qe4 28. Qg3 Rxb2 29. Bc4 Qc6 30. Nf4 Ne4 31. Qg2 1-0

[Event "Dortmund Sparkassen op-B"]
[Site "Dortmund"]
[Date "2008.07.04"]
[Round "7"]
[White "Wickenfeld, Stefan"]
[Black "Moehring, Peter"]
[Result "0-1"]
[WhiteElo "1658"]
[BlackElo "1852"]
[PlyCount "112"]
[EventDate "2008.06.30"]
[EventType "swiss"]
[EventRounds "9"]
[EventCountry "GER"]
[SourceTitle "EXT 2022"]
[Source "ChessBase"]
[SourceDate "2021.10.06"]
[SourceVersion "1"]
[SourceVersionDate "2021.10.06"]
[SourceQuality "1"]

1. Nf3 g6 2. d4 Bg7 3. Bf4 c5 4. c3 Qb6 5. Qb3 Nc6 6. Qxb6 axb6 7. e3 d6 8. Nbd2 Nf6 9. Bd3 0-0 10. Bc2 Re8 11. 0-0 b5 12. a3 e5 13. dxe5 dxe5 14. Bg5 e4 15. Bxf6 exf3 16. Bxg7 fxg2 17. Kxg2 Kxg7 18. Bd1 Ne5 19. Be2 Bd7 20. Kg3 f5 21. c4 bxc4 22. Nxc4 Nxc4 23. Bxc4 Bc6 24. Rad1 Re4 25. Be2 f4+ 26. Kh3 fxe3 27. f3 Rf4 28. Rd3 Re8 29. Rc3 Re5 30. Kg3 g5 31. Re1 h5 32. h3 h4+ 33. Kg2 Rd4 34. Rd3 Bb5 35. Rb3 Bc6 36. a4 Rb4 37. Rxb4 cxb4 38. Bd3 Kf6 39. b3 Re7 40. a5 Re5 41. a6 bxa6 42. Bxa6 Bd5 43. Be2 Kf5 44. Ra1 Re7 45. Ra5 Ke5 46. Bc4 Rd7 47. Rb5 Kd4 48. Rxb4 Kc3 49. Ra4 Bxc4 50. Rxc4+ Kd2 51. Ra4 e2 52. Ra2+ Ke3 53. Ra1 Rd1 54. Ra7 e1N+ 55. Kh1 Nxf3+ 56. Kg2 Rg1# 0-1